Calculus / (Record no. 25164)

MARC details
000 -LEADER
campo de control de longitud fija 01127nam a2200277 i 4500
001 - NÚMERO DE CONTROL
campo de control 25164
003 - IDENTIFICADOR DE NÚMERO DE CONTROL
campo de control ES-MaACL
005 - FECHA Y HORA DE LA ÚLTIMA TRANSACCIÓN
campo de control 20250903005837.0
007 - CAMPO FIJO DE DESCRIPCIÓN FÍSICA--INFORMACIÓN GENERAL
campo de control de longitud fija t|
008 - DATOS DE LONGITUD FIJA--INFORMACIÓN GENERAL
campo de control de longitud fija 021220m19671973sp ||||1| spa d
020 ## - NÚMERO INTERNACIONAL ESTÁNDAR DEL LIBRO
Número Internacional Estándar del Libro 84-291-5002-1
080 ## - NÚMERO DE LA CLASIFICACIÓN DECIMAL UNIVERSAL
Número de la Clasificación Decimal Universal 516
080 ## - NÚMERO DE LA CLASIFICACIÓN DECIMAL UNIVERSAL
Número de la Clasificación Decimal Universal 517
100 1# - ENTRADA PRINCIPAL--NOMBRE DE PERSONA
Nombre de persona Apostol, Tom. M.
9 (RLIN) 22106
245 10 - MENCIÓN DEL TÍTULO
Título Calculus /
Mención de responsabilidad, etc. Tom M. Apostol ; [versión por Francisco Vélez Cantarell].
260 ## - PUBLICACIÓN, DISTRIBUCIÓN, ETC.
Lugar de publicación, distribución, etc. Barcelona :
Nombre del editor, distribuidor, etc. Reverté,
Fecha de publicación, distribución, etc. 1967-1973.
300 ## - DESCRIPCIÓN FÍSICA
Extensión 2 v. :
Otras características físicas il. ;
Dimensiones 22 cm.
505 8# - NOTA DE CONTENIDO CON FORMATO
Nota de contenido con formato Contiene: 1. Cálculo con funciones de una variable, con una introducción al álgebra lineal (575 p.) - 2. Cálculo en varias variables, con aplicaciones a las probabilidades y al análisis vectorial (VII, 661 p.)
650 #7 - PUNTO DE ACCESO ADICIONAL DE MATERIA--TÉRMINO DE MATERIA
Término de materia o nombre geográfico como elemento de entrada Cálculo
Fuente del encabezamiento o término embne
9 (RLIN) 10668
650 #4 - PUNTO DE ACCESO ADICIONAL DE MATERIA--TÉRMINO DE MATERIA
Término de materia o nombre geográfico como elemento de entrada Geometría analítica.
9 (RLIN) 13100
700 1# - ENTRADA AGREGADA--NOMBRE PERSONAL
Nombre de persona Vélez Cantarell, Francisco.
9 (RLIN) 113829
740 02 - ENTRADA AGREGADA--TÍTULO RELACIONADO/ANALÍTICO NO CONTROLADO
Título relacionado o analítico no controlado Cálculo con funciones de una variable, con una introducción al álgebra lineal.
740 02 - ENTRADA AGREGADA--TÍTULO RELACIONADO/ANALÍTICO NO CONTROLADO
Título relacionado o analítico no controlado Cálculo en varias variables, con aplicaciones a las probabilidades y al análisis vectorial.
852 4# - LOCALIZACIÓN
Ubicación ES-MaACL
Número de control de estantería L-1834-35
Holdings
Estatus retirado Estado de pérdida Estado de daño No para préstamo Biblioteca de origen Biblioteca actual Ubicación en estantería Fecha de adquisición Fuente de adquisición Total de préstamos Signatura topográfica completa Código de barras Visto por última vez Precio de reemplazo Tipo de ítem Koha
        Biblioteca del Ateneo de Madrid Biblioteca del Ateneo de Madrid Depósito 2 17/01/2008     L-1834-35 1025945 23/02/2023 23/02/2023 Libro impreso